000 01240nam a22002417a 4500
001 3554
003 FISKH
005 20240320101645.0
008 240320b cb ||||| |||| 00| 0 eng d
040 _aFISK
_beng
_cFISK
_dFISK
050 _aPZ7.J153585
100 _aJames Brian
_d1955-
245 _aEverybody hates school dances /
_cBrian James
260 _aNew York :
_bSimon & Schuster,
_c2007
300 _a83 pages :
_c20 cm
490 _3Everybody hates chris
_aBook 1
505 _aM
520 _aFed up with being teased by the school bully, Chris blurts out that he's going to the school dance on Friday with the prettiest girl in Bed-Stuy -- and that he's taking her in a limousine! World travels fast, and soon Chris has only four days to find a date and a limousine, or he'll be the laughingstock of Corleone Jr. High. As if that wasn't bad enough, he somehow lets it slip that he is the best break-dancer in all of Brooklyn -- and all the kids at school want to see him prove it on the dance floor. Can Chris get out of this mess without getting caught or beaten up? Probably not, but he's going to try!
521 8 _aestimates
_bLexiles
700 _aBrian James
942 _2ddc
_cBK
_n0
999 _c3554
_d3554